| 000 | 01275nam a2200325 i 4500 | ||
|---|---|---|---|
| 001 | 183559 | ||
| 003 | ES-MaACL | ||
| 005 | 20250816062554.0 | ||
| 008 | 140721s1999 sp | |||| ||spa d | ||
| 020 | _a84-309-3299-2 | ||
| 040 | _cES-MaACL | ||
| 080 | _a111.852 | ||
| 100 | 1 |
_aSantayana, George. _9103357 _eaut |
|
| 245 | 1 | 3 |
_aEl sentido de la belleza : _bun esbozo de teoría estética / _cGeorge Santayana ; texto de la edición crítica coeditada por William C. Holzberger y Herman J. Saatkamp, Jr. ; con introducción de Arthur C. Danto ; traducción de Carmen García Trevijano. |
| 260 |
_aMadrid : _bTecnos, _c[1999] |
||
| 300 |
_a221 p. ; _c22 cm. |
||
| 490 | 1 | _aFilosofía y ensayo | |
| 650 | 7 |
_aEstética _2embne _9142387 |
|
| 700 | 1 |
_aHolzberger, William G. _9155022 _epbl |
|
| 700 | 1 |
_aSaatkamp, Herman J. _9155023 _epbl |
|
| 700 | 1 |
_aDanto, Arthur C. _942670 _eaui |
|
| 700 | 1 |
_aGarcía Trevijano, Carmen _955342 _etrl |
|
| 830 | 0 |
_aFilosofía y ensayo _9179242 |
|
| 852 |
_aES-MaACL _jA-13169 _9 190501 _bR.151073 _cDEPO1 _dOlim: N-6169 _hDonación: Carlos París |
||
| 903 |
_aParís, Carlos, _d1925-2014 _ednr _q1 _989133 |
||
| 942 |
_cMONOGRAFIA _n0 |
||
| 999 |
_c183559 _d183559 |
||